Los costes y la política de precios (Registro nro. 10706)
[ vista simple ]
| 000 -ENCABEZADO | |
|---|---|
| Número de control [NR] | 01127nam a2200277Ia 4500 |
| 008 - DE LONGITUD FIJA DE DATOS DE ELEMENTOS - INFORMACIÓN GENERAL | |
| Elementos de longitud fija [NR] | 130821s1952 sp a gr spa |
| 040 ## - FUENTE DE CATALOGACION [NR] | |
| Agencia de catalogación original [NR] | Co-BoUCM |
| Idioma de catalogación [NR] | spa |
| 041 ## - CODIGO DE IDIOMA [R] | |
| Código de idioma para texto/pista de sonido o título separado [R] | Español |
| 100 10 - ASIENTO PRINCIPAL--NOMBRE PERSONAL [NR] | |
| Nombre personal [NR] | Pedersen, H. Winding |
| ID Autoridad | 113756 |
| 245 14 - MENCION DE TITULO [NR] | |
| Título [NR] | Los costes y la política de precios |
| Mención de responsabilidad, etc. [NR] | H. Winding Pedersen ; traducción directa del danés por Arne Koefoed y revisión e introducción por Manuel de Torres |
| 260 ## - PUBLICACION, DISTRIBUCION, ETC. (PIE DE IMPRENTA) [R] | |
| Lugar de publicación, distribución, etc. [R] | Madrid (España) |
| Nombre del editor, distribuidor, etc. [R] | Aguilar |
| Fecha de publicación, distribución, etc. [R] | 1952 |
| 300 ## - DESCRIPCION FISICA [R] | |
| Extensión [R] | xxiii, 351 páginas |
| Otros detalles físicos [NR] | ilustraciones, gráficas |
| 490 #0 - MENCION DE SERIE [R] | |
| Mención de serie [R] | Biblioteca de Ciencias Sociales. |
| -- | Sección Primera. Economía |
| 500 ## - NOTA GENERAL [R] | |
| Nota general [NR] | Donación Dr. Álvaro Daza Roa. |
| 504 ## - NOTA DE BIBLIOGRAFIA, ETC. [R] | |
| Nota de bibliografía, etc. [NR] | |
| 650 04 - ASIENTO SECUNDARIO DE MATERIA - TERMINO TEMATICO [R] | |
| Término temático o nombre geográfico como elemento de entrada [NR] | Agricultura |
| 9 (RLIN) | 8719 |
| 650 04 - ASIENTO SECUNDARIO DE MATERIA - TERMINO TEMATICO [R] | |
| Término temático o nombre geográfico como elemento de entrada [NR] | Análisis económico |
| 9 (RLIN) | 8987 |
| 650 04 - ASIENTO SECUNDARIO DE MATERIA - TERMINO TEMATICO [R] | |
| Término temático o nombre geográfico como elemento de entrada [NR] | Inversiones agrícolas |
| 9 (RLIN) | 17952 |
| 650 04 - ASIENTO SECUNDARIO DE MATERIA - TERMINO TEMATICO [R] | |
| Término temático o nombre geográfico como elemento de entrada [NR] | Política de precios agrícolas |
| 9 (RLIN) | 21956 |
| 650 04 - ASIENTO SECUNDARIO DE MATERIA - TERMINO TEMATICO [R] | |
| Término temático o nombre geográfico como elemento de entrada [NR] | Precios agrícolas |
| 9 (RLIN) | 22167 |
| 650 04 - ASIENTO SECUNDARIO DE MATERIA - TERMINO TEMATICO [R] | |
| Término temático o nombre geográfico como elemento de entrada [NR] | Producción agropecuaria |
| 9 (RLIN) | 22428 |
| 700 1# - ASIENTO SECUNDARIO - NOMBRE PERSONAL [R] | |
| Nombre personal [NR] | Koefoed, Arne |
| Término de relación [R] | |
| 9 (RLIN) | 113651 |
| 765 0# - ASIENTO DE IDIOMA ORIGINAL [R] | |
| Título [NR] | Omkostninger Og Prispolitik |
| 942 ## - ELEMENTOS DE ENTRADA AGREGADOS (KOHA) | |
| Tipo de ítem principal el descrito en 300a | Libro |
| Tema principal | Economía |
| Edición | 1 |
| Parte restante de la signatura top. | P33 |
| Sistema de clasificación | DEWEY |
| Clasificación | 338.1 |
| Fecha de último préstamo | Signatura topográfica | Código de barras | Última vez visto | Ejemplar | Price effective from | Tipo de ítem | Perdido | Sistema de clasificación | Dañado | No prestable | Tipo de ítem específico | Suprimido | Ubicación habitual | Ubicación actual | Localización | Fecha de creación | Forma de adquisición | Costo | Total préstamos |
|---|---|---|---|---|---|---|---|---|---|---|---|---|---|---|---|---|---|---|---|
| 06/04/2011 | FAD 338.1 P33 | 100113001 | 09/05/2018 | Ej.2 | 03/02/2013 | Libro | DEWEY | Fondos especiales | Archivo Histórico | Archivo histórico | 28/02/2011 | Donación | 26000.00 | ||||||
| 338.1 P33 | 100001354 | 07/12/2010 | Ej.1 | 03/02/2013 | Libro | DEWEY | Libro | Bodega | Bodega | Préstamo 4 días después de solicitado | 28/02/2003 | Compra | 80.00 |